000 00561nam a22001817a 4500
005 20231207073032.0
008 231207b |||||||| |||| 00| 0 eng d
020 _a9781485100188 ; 9781485100256
041 _aEnglish
082 _a348 JUT
100 _lEnglish
245 _aJuta's Statutes of South Africa /
_cJUTA'S STATUTES EDITORS
250 _aTwenty-second Edition
260 _aCape Town :
_bJuta and Company Ltd,
_c2012
300 _b463 pages ;
_c26 cm.
650 _aLegal practice
_bLaw
942 _cBK
_6ALISON_BN_VRIES
999 _c1156
_d1156